000 00527nam a22001937a 4500
003 KOHA_MİRAKIL
005 20260325114346.0
008 260325b tu ||||| |||| 00| 0 tur d
020 _a 9754064926
040 _aTR-AnABB
_btur
_cTR-AnABB
041 _atur
082 _a301.23
_bTAN 1994
100 1 _aTanilli, Server
245 1 0 _aVoltaire ve Aydınlanma
_cServer Tanilli
260 _aİstanbul :
_bCem Yayınevi ,
_c1994
300 _a266 sayfa :
_c20 cm
650 0 4 _aToplum Bilimleri
942 _2ddc
_cBK
999 _c10032
_d10032
900 _bCem ÖZOGLU